The beautiful India : (Record no. 134029)

MARC details
000 -LEADER
fixed length control field 00844nam a22002537a 4500
003 - CONTROL NUMBER IDENTIFIER
control field dpl
005 - DATE AND TIME OF LATEST TRANSACTION
control field 20180719132436.0
008 - FIXED-LENGTH DATA ELEMENTS--GENERAL INFORMATION
fixed length control field 180523b xxu||||| |||| 00| 0 eng d
010 ## - LIBRARY OF CONGRESS CONTROL NUMBER
LC control number B-217631, B-217636
020 ## - INTERNATIONAL STANDARD BOOK NUMBER
Terms of availability 550.00
International Standard Book Number 818858374X
035 ## - SYSTEM CONTROL NUMBER
System control number B-217631, B-271636 ,B-217632
037 ## - SOURCE OF ACQUISITION
Source of stock number/acquisition Cen Lib/Ret
040 ## - CATALOGING SOURCE
Original cataloging agency DPL
Language of cataloging EN
Transcribing agency 0
082 ## - DEWEY DECIMAL CLASSIFICATION NUMBER
Classification number 954.36
Item number BEA
245 ## - TITLE STATEMENT
Title The beautiful India :
Statement of responsibility, etc edited by S.A. Rahman
Remainder of title Andaman and Nikobar /
260 ## - PUBLICATION, DISTRIBUTION, ETC. (IMPRINT)
Place of publication, distribution, etc New Delhi
Name of publisher, distributor, etc Reference press
Date of publication, distribution, etc 2005
270 ## - ADDRESS
City New Delhi
Address 4831/24, Ansari road, Daryaganj
Postal code 110002
300 ## - PHYSICAL DESCRIPTION
Extent x,245p.
Dimensions 21cm(Hb)
500 ## - GENERAL NOTE
General note Includes bibliographical references
650 ## - SUBJECT ADDED ENTRY--TOPICAL TERM
Topical term or geographic name as entry element History
Geographic subdivision Andaman and Nikobar
9 (RLIN) 39580
650 ## - SUBJECT ADDED ENTRY--TOPICAL TERM
Topical term or geographic name as entry element Geography
Geographic subdivision Andaman and Nikobar
9 (RLIN) 39581
700 ## - ADDED ENTRY--PERSONAL NAME
Personal name Rahman, S.A.
9 (RLIN) 39572
942 ## - ADDED ENTRY ELEMENTS (KOHA)
Source of classification or shelving scheme Dewey Decimal Classification
Koha item type English Books
Classification part 954.36
Call number suffix BEA
Holdings
Withdrawn status Lost status Damaged status Not for loan Collection code Home library Current library Date acquired Source of acquisition Cost, normal purchase price Total Checkouts Full call number Barcode Date last seen Copy number Cost, replacement price Price effective from Koha item type Source of classification or shelving scheme Public note
      Not For Loan Reference Central Library Central Library 28/07/2015 Cen Lib/Ret 550.00   954.36 BEA B-217631 28/07/2015 1 550.00 28/07/2015 English Books    
Written off       Non-fiction Central Library Central Library 06/10/2016       954.36 BEA B-217630 06/10/2016 2   06/10/2016 English Books Dewey Decimal Classification W/d List No. 6856/25; dtd 30/07/2020
        Non-fiction Patel Nagar Patel Nagar 19/07/2018 BPPD/PUB 550.00   954.36 BEA B-217632 19/07/2018   550.00 19/07/2018 English Books Dewey Decimal Classification  
        Non-fiction Shahdara Branch Shahdara Branch 23/05/2018 BPPD/PUB 550.00   954.36 BEA B-217636 23/05/2018   550.00 23/05/2018 English Books Dewey Decimal Classification  

© Delhi Public Library
Hit Counter
free hit counter